000
00211 a2200097 4500
001
34775
100
_a
Haykin Simon
245
_a
Modern Filters
260
_a
New York
_b
Macmillan
_c
1990
090
_c
23038
_d
23038
942
_a
NUST-CAE
_c
M
_c
14490
999
_c
269848
_d
269848